• 首页
  • 本馆介绍
  • 公告通知
  • 最新文献
  • 馆藏检索
  • 电子资源
  • 读者导购
  • 参考咨询
  • 我的图书馆
  • 登录
  • 详细信息显示
  • 放入我的书架
  • 预约/预借图书
  • 作者相关作品
  • 分类相关作品
  • 丛书相关作品
  • 出版社相关作品

书目信息

  • 表格格式
  • 工作单格式
  • 卡片格式
题名:
雅趣四书
    
 
作者: 陈文新 译注
分册:  
出版信息: 武汉   湖北辞书出版社  2004
页数: 426页
开本: 20cm
丛书名: 古籍今读精华系列
单 册:
中图分类: J05
科图分类:
主题词: 艺术评论 , 艺术--鉴赏
电子资源:
ISBN: 7-5403-0245-3
000 00921oam2 2200289 450
001 0900000026257
005 20051114161725.31
010    @a7-5403-0245-3@dCNY20.00
092    @aCN
100    @a20050324d2004 ekmy0chiy0120 ea
101 0  @achi
102    @aCN@b420000
105    @ay z 000yy
200 1  @a雅趣四书@9ya qu si shu@f陈文新译注@Fchen wen xin yi zhu
210    @a武汉@c湖北辞书出版社@d2004
215    @a426页@d20cm
225 2  @a古籍今读精华系列
327 1  @a琴操/(汉)蔡邕著@a棋经十三篇/(宋)张拟著@a书法离钩/(明)潘之淙著@a六如画谱/(明)唐寅辑
330    @a本书介绍《琴操》、《棋经十三篇》、《书法离钩》、《六如画谱》四部谈论琴棋书画的古代典籍,进行注释并给出译文。
461  0 @12001 @a古籍今读精华系列
606 0  @a艺术评论
606 0  @a艺术@x鉴赏
690    @aJ05@v4
701  0 @a陈文新@Achen wen xin@4译注
801  0 @aCN@bTSSF@c20051114
905    @a10447@dJ05@e139
999    @aZXL@eJDD
    
    雅趣四书/陈文新译注.-武汉:湖北辞书出版社,2004
    426页;20cm.-(古籍今读精华系列)
    
    部分内容:琴操/(汉)蔡邕著;棋经十三篇/(宋)张拟著;书法离钩/(明)潘之淙著;六如画谱/(明)唐寅辑
    ISBN 7-5403-0245-3:CNY20.00
    本书介绍《琴操》、《棋经十三篇》、《书法离钩》、《六如画谱》四部谈论琴棋书画的古代典籍,进行注释并给出译文。
●
相关链接 在E读中查询图书 在五车中查询图书 在当当中查询图书 在豆瓣中查询图书


正题名:雅趣四书     索取号:J05/139         预约/预借

序号 登录号 条形码 馆藏地/架位号 状态 备注
1 0367257   203672579   第一样本阅览室/ [索取号:J05/139] 在馆    
2 0367258   203672588   第一借阅区/ [索取号:J05/139] 在馆    
3 0367259   203672597   第一借阅区/ [索取号:J05/139] 在馆    
4 0367260   203672604   第一借阅区/ [索取号:J05/139] 在馆    
5 0367261   203672613   第一借阅区/ [索取号:J05/139] 在馆    
唐山师范学院图书馆 欢迎您!
大连网信软件有限公司© 版权所有